The recent impetus to oil prospecting in Illinois.

Bibliographic Details
Main Author: Cohee, George Vincent, 1907-
Format: Book
Language:English
Published: Urbana, [publisher not identified] ; 1938.
Series:Circular (Illinois State Geological Survey) ; 33.
Subjects:

MARC

Tag First Indicator Second Indicator Subfields
LEADER 00000cam a2200000 4500
001 in00000251721
005 20151010060153.0
008 790612r1938 ilu b s00000 eng d
035 |a (OCoLC)05057757 
035 |9 ABD2546AM 
040 |a TXA  |c TXA  |d UtOrBLW 
049 |a TXAM  |c [110078] 
090 |a QE105  |b .A45 no. 33 
100 1 |a Cohee, George Vincent,  |d 1907- 
245 1 4 |a The recent impetus to oil prospecting in Illinois. 
264 1 |a Urbana,  |b [publisher not identified] ;  |c 1938. 
300 |a 3 unnumbered pages 
336 |a text  |b txt  |2 rdacontent 
337 |a unmediated  |b n  |2 rdamedia 
338 |a volume  |b nc  |2 rdacarrier 
490 1 |a Illinois. State Geological Survey. Circular ;  |v no. 33 
500 |a "Reprinted from the Transactions, Illinois state academy of science, volume 30, number 2, pp. 226-228, 1938." 
504 |a References: page [3]. 
650 0 |a Petroleum  |z Illinois. 
830 0 |a Circular (Illinois State Geological Survey) ;  |v 33. 
999 |a MARS 
999 f f |s 3dc0cc32-9855-3583-bbab-dd0fa9a0cb71  |i 6e19ed9b-534d-3264-9f8b-8aed986a0a8b  |t 0 
952 f f |a Texas A&M University  |b College Station  |c Sterling C. Evans Library  |s Evans stk  |d Evans: Library Stacks  |t 0  |e QE105 .A45 no. 3-49  |h Library of Congress classification 
998 f f |a QE105 .A45 no. 3-49  |t 0  |l Evans: Library Stacks